Pokémon Gen 1-4 - Statistics

General Stats
  • This quiz has been taken 709 times
  • The average score is 345 of 493
Answer Stats
ID Type Answer % Correct
1 Grass/Poison Bulbasaur
98%
2 Grass/Poison Ivysaur
98%
6 Fire/Flying Charizard
97%
4 Fire Charmander
97%
7 Water Squirtle
97%
3 Grass/Poison Venusaur
97%
9 Water Blastoise
96%
5 Fire Charmeleon
96%
8 Water Wartortle
96%
12 Bug/Flying Butterfree
95%
11 Bug Metapod
94%
18 Normal/Flying Pidgeot
94%
17 Normal/Flying Pidgeotto
94%
16 Normal/Flying Pidgey
94%
25 Electric Pikachu
94%
13 Bug/Poison Weedle
94%
15 Bug/Poison Beedrill
93%
10 Bug Caterpie
93%
74 Rock/Ground Geodude
93%
14 Bug/Poison Kakuna
93%
26 Electric Raichu
93%
19 Normal Rattata
93%
22 Normal/Flying Fearow
92%
20 Normal Raticate
92%
21 Normal/Flying Spearow
92%
65 Psychic Alakazam
91%
76 Rock/Ground Golem
91%
75 Rock/Ground Graveler
91%
151 Psychic Mew
91%
63 Psychic Abra
90%
24 Poison Arbok
90%
35 Fairy Clefairy
90%
133 Normal Eevee
90%
23 Poison Ekans
90%
94 Ghost/Poison Gengar
90%
106 Fighting Hitmonlee
90%
64 Psychic Kadabra
90%
68 Fighting Machamp
90%
150 Psychic Mewtwo
90%
146 Fire/Flying Moltres
90%
134 Water Vaporeon
90%
145 Electric/Flying Zapdos
90%
144 Ice/Flying Articuno
89%
36 Fairy Clefable
89%
148 Dragon Dragonair
89%
147 Dragon Dratini
89%
136 Fire Flareon
89%
92 Ghost/Poison Gastly
89%
42 Poison/Flying Golbat
89%
58 Fire Growlithe
89%
93 Ghost/Poison Haunter
89%
107 Fighting Hitmonchan
89%
135 Electric Jolteon
89%
67 Fighting Machoke
89%
66 Fighting Machop
89%
126 Fire Magmar
89%
81 Electric/Steel Magnemite
89%
82 Electric/Steel Magneton
89%
29 Poison Nidoran♀
89%
32 Poison Nidoran♂
89%
30 Poison Nidorina
89%
95 Rock/Ground Onix
89%
59 Fire Arcanine
88%
149 Dragon/Flying Dragonite
88%
125 Electric Electabuzz
88%
44 Grass/Poison Gloom
88%
39 Normal/Fairy Jigglypuff
88%
34 Poison/Ground Nidoking
88%
31 Poison/Ground Nidoqueen
88%
33 Poison Nidorino
88%
41 Poison/Flying Zubat
88%
240 Fire Magby
87%
129 Water Magikarp
87%
43 Grass/Poison Oddish
87%
60 Water Poliwag
87%
61 Water Poliwhirl
87%
62 Water/Fighting Poliwrath
87%
88 Poison Grimer
86%
89 Poison Muk
86%
38 Fire Ninetales
86%
172 Electric Pichu
86%
27 Ground Sandshrew
86%
45 Grass/Poison Vileplume
86%
37 Fire Vulpix
86%
40 Normal/Fairy Wigglytuff
86%
87 Water/Ice Dewgong
85%
239 Electric Elekid
85%
130 Water/Flying Gyarados
85%
77 Fire Ponyta
85%
78 Fire Rapidash
85%
112 Ground/Rock Rhydon
85%
28 Ground Sandslash
85%
123 Bug/Flying Scyther
85%
86 Water Seel
85%
143 Normal Snorlax
85%
152 Grass Chikorita
84%
169 Poison/Flying Crobat
84%
116 Water Horsea
84%
124 Ice/Psychic Jynx
84%
56 Fighting Mankey
84%
111 Ground/Rock Rhyhorn
84%
117 Water Seadra
84%
208 Steel/Ground Steelix
84%
153 Grass Bayleef
83%
69 Grass/Poison Bellsprout
83%
173 Fairy Cleffa
83%
51 Ground Dugtrio
83%
101 Electric Electrode
83%
196 Psychic Espeon
83%
118 Water Goldeen
83%
57 Fighting Primeape
83%
79 Water/Psychic Slowpoke
83%
73 Water/Poison Tentacruel
83%
197 Dark Umbreon
83%
48 Bug/Poison Venonat
83%
100 Electric Voltorb
83%
91 Water/Ice Cloyster
82%
50 Ground Diglett
82%
237 Fighting Hitmontop
82%
250 Fire/Flying Ho-oh
82%
140 Rock/Water Kabuto
82%
109 Poison Koffing
82%
131 Water/Ice Lapras
82%
122 Psychic/Fairy Mr. Mime
82%
139 Rock/Water Omastar
82%
46 Bug/Grass Paras
82%
119 Water Seaking
82%
80 Water/Psychic Slowbro
82%
121 Water/Psychic Starmie
82%
120 Water Staryu
82%
72 Water/Poison Tentacool
82%
252 Grass Treecko
82%
49 Bug/Poison Venomoth
82%
71 Grass/Poison Victreebel
82%
70 Grass/Poison Weepinbell
82%
142 Rock/Flying Aerodactyl
81%
155 Fire Cyndaquil
81%
230 Water/Dragon Kingdra
81%
249 Psychic/Flying Lugia
81%
154 Grass Meganium
81%
138 Rock/Water Omanyte
81%
47 Bug/Grass Parasect
81%
110 Poison Weezing
81%
113 Normal Chansey
80%
96 Psychic Drowzee
80%
392 Fire/Fighting Infernape
80%
141 Rock/Water Kabutops
80%
467 Fire Magmortar
80%
156 Fire Quilava
80%
175 Fairy Togepi
80%
158 Water Totodile
80%
251 Psychic/Grass Celebi
79%
253 Grass Grovyle
79%
97 Psychic Hypno
79%
174 Normal/Fairy Igglybuff
79%
52 Normal Meowth
79%
258 Water Mudkip
79%
393 Water Piplup
79%
137 Normal Porygon
79%
254 Grass Sceptile
79%
90 Water Shellder
79%
176 Fairy/Flying Togetic
79%
255 Fire Torchic
79%
257 Fire/Fighting Blaziken
78%
466 Electric Electivire
78%
471 Ice Glaceon
78%
55 Water Golduck
78%
115 Normal Kangaskhan
78%
53 Normal Persian
78%
127 Bug Pinsir
78%
54 Water Psyduck
78%
245 Water Suicune
78%
157 Fire Typhlosion
78%
395 Water/Steel Empoleon
77%
244 Fire Entei
77%
83 Normal/Flying Farfetch'd
77%
470 Grass Leafeon
77%
243 Electric Raikou
77%
114 Grass Tangela
77%
236 Fighting Tyrogue
77%
390 Fire Chimchar
76%
256 Fire/Fighting Combusken
76%
160 Water Feraligatr
76%
212 Bug/Steel Scizor
76%
260 Water/Ground Swampert
76%
128 Normal Tauros
76%
389 Grass/Ground Torterra
76%
248 Rock/Dark Tyranitar
76%
159 Water Croconaw
75%
85 Normal/Flying Dodrio
75%
84 Normal/Flying Doduo
75%
102 Grass/Psychic Exeggcute
75%
103 Grass/Psychic Exeggutor
75%
163 Normal/Flying Hoothoot
75%
171 Water/Electric Lanturn
75%
462 Electric/Steel Magnezone
75%
280 Psychic/Fairy Ralts
75%
266 Bug Silcoon
75%
268 Bug Cascoon
74%
269 Bug/Poison Dustox
74%
282 Psychic/Fairy Gardevoir
74%
383 Ground Groudon
74%
281 Psychic/Fairy Kirlia
74%
391 Fire/Fighting Monferno
74%
164 Normal/Flying Noctowl
74%
384 Dragon/Flying Rayquaza
74%
387 Grass Turtwig
74%
265 Bug Wurmple
74%
374 Steel/Psychic Beldum
73%
104 Ground Cubone
73%
132 Normal Ditto
73%
382 Water Kyogre
73%
179 Electric Mareep
73%
259 Water/Ground Marshtomp
73%
376 Steel/Psychic Metagross
73%
375 Steel/Psychic Metang
73%
378 Ice Regice
73%
377 Rock Regirock
73%
199 Water/Psychic Slowking
73%
215 Dark/Ice Sneasel
73%
267 Bug/Flying Beautifly
72%
182 Grass Bellossom
72%
242 Normal Blissey
72%
162 Normal Furret
72%
388 Grass Grotle
72%
229 Dark/Fire Houndoom
72%
228 Dark/Fire Houndour
72%
246 Rock/Ground Larvitar
72%
105 Ground Marowak
72%
198 Dark/Flying Murkrow
72%
247 Rock/Ground Pupitar
72%
379 Steel Registeel
72%
161 Normal Sentret
72%
468 Fairy/Flying Togekiss
72%
181 Electric Ampharos
71%
170 Water/Electric Chinchou
71%
386 Psychic Deoxys
71%
180 Electric Flaaffy
71%
214 Bug/Fighting Heracross
71%
99 Water Kingler
71%
98 Water Krabby
71%
446 Normal Munchlax
71%
186 Water Politoed
71%
233 Normal Porygon2
71%
394 Water Prinplup
71%
238 Ice/Psychic Smoochum
71%
168 Bug/Poison Ariados
70%
108 Normal Lickitung
70%
200 Ghost Misdreavus
70%
484 Water/Dragon Palkia
70%
373 Dragon/Flying Salamence
70%
398 Normal/Flying Staraptor
70%
396 Normal/Flying Starly
70%
185 Rock Sudowoodo
70%
184 Water/Fairy Azumarill
69%
371 Dragon Bagon
69%
483 Steel/Dragon Dialga
69%
362 Ice Glalie
69%
187 Grass/Flying Hoppip
69%
183 Water/Fairy Marill
69%
464 Ground/Rock Rhyperior
69%
167 Bug/Poison Spinarak
69%
220 Ice/Ground Swinub
69%
194 Water/Ground Wooper
69%
385 Steel/Psychic Jirachi
68%
221 Ice/Ground Piloswine
68%
474 Normal Porygon-Z
68%
195 Water/Ground Quagsire
68%
372 Dragon Shelgon
68%
275 Grass/Dark Shiftry
68%
361 Ice Snorunt
68%
277 Normal/Flying Swellow
68%
263 Normal Zigzagoon
68%
356 Ghost Dusclops
67%
355 Ghost Duskull
67%
330 Ground/Dragon Flygon
67%
475 Psychic/Fighting Gallade
67%
445 Dragon/Ground Garchomp
67%
189 Grass/Flying Jumpluff
67%
177 Psychic/Flying Natu
67%
274 Grass/Dark Nuzleaf
67%
261 Dark Poochyena
67%
273 Grass Seedot
67%
227 Steel/Flying Skarmory
67%
218 Fire Slugma
67%
397 Normal/Flying Staravia
67%
276 Normal/Flying Taillow
67%
465 Grass Tangrowth
67%
178 Psychic/Flying Xatu
67%
207 Ground/Flying Gligar
66%
440 Normal Happiny
66%
380 Dragon/Psychic Latias
66%
381 Dragon/Psychic Latios
66%
166 Bug/Flying Ledian
66%
165 Bug/Flying Ledyba
66%
264 Normal Linoone
66%
270 Water/Grass Lotad
66%
272 Water/Grass Ludicolo
66%
262 Dark Mightyena
66%
429 Ghost Mismagius
66%
315 Grass/Poison Roselia
66%
188 Grass/Flying Skiploom
66%
328 Ground Trapinch
66%
461 Dark/Ice Weavile
66%
493 Normal(Variable) Arceus
65%
478 Ice/Ghost Froslass
65%
444 Dragon/Ground Gabite
65%
443 Dragon/Ground Gible
65%
487 Ghost/Dragon Giratina
65%
271 Water/Grass Lombre
65%
473 Ice/Ground Mamoswine
65%
226 Water/Flying Mantine
65%
279 Water/Flying Pelipper
65%
486 Normal Regigigas
65%
407 Grass/Poison Roserade
65%
403 Electric Shinx
65%
193 Bug/Flying Yanma
65%
298 Normal/Fairy Azurill
64%
477 Ghost Dusknoir
64%
310 Electric Manectric
64%
308 Fighting/Psychic Medicham
64%
439 Psychic/Fairy Mime Jr.
64%
312 Electric Minun
64%
311 Electric Plusle
64%
278 Water/Flying Wingull
64%
491 Dark Darkrai
63%
309 Electric Electrike
63%
404 Electric Luxio
63%
405 Electric Luxray
63%
307 Fighting/Psychic Meditite
63%
299 Rock Nosepass
63%
322 Fire/Ground Numel
63%
479 Electric/Ghost(Variable) Rotom
63%
363 Ice/Water Spheal
63%
480 Psychic Uxie
63%
329 Ground/Dragon Vibrava
63%
304 Steel/Rock Aron
62%
399 Normal Bidoof
62%
349 Water Feebas
62%
430 Dark/Flying Honchkrow
62%
306 Steel/Rock Aggron
61%
482 Psychic Azelf
61%
406 Grass/Poison Budew
61%
323 Fire/Ground Camerupt
61%
472 Ground/Flying Gliscor
61%
305 Steel/Rock Lairon
61%
219 Fire/Rock Magcargo
61%
350 Water Milotic
61%
364 Ice/Water Sealeo
61%
365 Ice/Water Walrein
61%
485 Fire/Steel Heatran
60%
481 Psychic Mesprit
60%
241 Normal Miltank
60%
319 Water/Dark Sharpedo
60%
338 Rock/Psychic Solrock
60%
400 Normal/Water Bibarel
59%
438 Rock Bonsly
59%
448 Fighting/Steel Lucario
59%
337 Rock/Psychic Lunatone
59%
458 Water/Flying Mantyke
59%
336 Poison Seviper
59%
321 Water Wailord
59%
469 Bug/Flying Yanmega
59%
190 Normal Aipom
58%
354 Ghost Banette
58%
412 Bug Burmy
58%
490 Water Manaphy
58%
291 Bug/Flying Ninjask
58%
447 Fighting Riolu
58%
353 Ghost Shuppet
58%
289 Normal Slaking
58%
324 Fire Torkoal
58%
357 Grass/Flying Tropius
58%
320 Water Wailmer
58%
286 Grass/Fighting Breloom
57%
295 Normal Exploud
57%
463 Normal Lickilicky
57%
224 Water Octillery
57%
492 Grass(/Flying) Shaymin
57%
285 Grass Shroomish
57%
334 Dragon/Flying Altaria
56%
411 Rock/Steel Bastiodon
56%
318 Water/Dark Carvanha
56%
408 Rock Cranidos
56%
297 Fighting Hariyama
56%
294 Normal Loudred
56%
414 Bug/Flying Mothim
56%
204 Bug Pineco
56%
369 Water/Rock Relicanth
56%
223 Water Remoraid
56%
213 Bug/Rock Shuckle
56%
442 Ghost/Dark Spiritomb
56%
333 Normal/Flying Swablu
56%
293 Normal Whismur
56%
413 Bug/Variable Wormadam
56%
351 Normal(Variable) Castform
55%
344 Ground/Psychic Claydol
55%
488 Psychic Cresselia
55%
476 Rock/Steel Probopass
55%
211 Water/Poison Qwilfish
55%
409 Rock Rampardos
55%
292 Bug/Ghost Shedinja
55%
287 Normal Slakoth
55%
335 Normal Zangoose
55%
331 Grass Cacnea
54%
205 Bug/Steel Forretress
54%
316 Poison Gulpin
54%
290 Bug/Ground Nincada
54%
231 Ground Phanpy
54%
410 Rock/Steel Shieldon
54%
217 Normal Ursaring
54%
202 Psychic Wobbuffet
54%
332 Grass/Dark Cacturne
53%
225 Ice/Flying Delibird
53%
232 Ground Donphan
53%
317 Poison Swalot
53%
216 Normal Teddiursa
53%
288 Normal Vigoroth
53%
313 Bug Volbeat
53%
340 Water/Ground Whiscash
53%
424 Normal Ambipom
52%
343 Ground/Psychic Baltoy
52%
366 Water Clamperl
52%
222 Water/Rock Corsola
52%
314 Bug Illumise
52%
401 Bug Kricketot
52%
402 Bug Kricketune
52%
489 Water Phione
52%
300 Normal Skitty
52%
235 Normal Smeargle
52%
360 Psychic Wynaut
52%
359 Dark Absol
51%
345 Rock/Grass Lileep
51%
296 Fighting Makuhita
51%
417 Electric Pachirisu
51%
454 Poison/Fighting Toxicroak
51%
339 Water/Ground Barboach
50%
415 Bug/Flying Combee
50%
341 Water Corphish
50%
453 Poison/Fighting Croagunk
50%
301 Normal Delcatty
50%
203 Normal/Psychic Girafarig
50%
367 Water Huntail
50%
327 Normal Spinda
50%
192 Grass Sunflora
50%
191 Grass Sunkern
50%
283 Bug/Water Surskit
50%
201 Psychic Unown
50%
460 Ice/Grass Abomasnow
49%
418 Water Buizel
49%
433 Psychic Chingling
49%
346 Rock/Grass Cradily
49%
426 Ghost/Flying Drifblim
49%
425 Ghost/Flying Drifloon
49%
419 Water Floatzel
49%
284 Bug/Flying Masquerain
49%
432 Normal Purugly
49%
459 Ice/Grass Snover
49%
325 Psychic Spoink
49%
348 Rock/Bug Armaldo
48%
455 Grass Carnivine
48%
358 Psychic Chimecho
48%
326 Psychic Grumpig
48%
302 Dark/Ghost Sableye
48%
422 Water Shellos
48%
209 Fairy Snubbull
48%
234 Normal Stantler
48%
416 Bug/Flying Vespiquen
48%
437 Steel/Psychic Bronzong
47%
436 Steel/Psychic Bronzor
47%
427 Normal Buneary
47%
342 Water/Dark Crawdaunt
47%
452 Poison/Dark Drapion
47%
431 Normal Glameow
47%
428 Normal Lopunny
47%
303 Steel/Fairy Mawile
47%
451 Poison/Bug Skorupi
47%
423 Water/Ground Gastrodon
46%
368 Water Gorebyss
46%
210 Fairy Granbull
46%
347 Rock/Bug Anorith
45%
449 Ground Hippopotas
45%
441 Normal/Flying Chatot
44%
450 Ground Hippowdon
44%
352 Normal Kecleon
44%
434 Poison/Dark Stunky
44%
421 Grass Cherrim
43%
420 Grass Cherubi
43%
206 Normal Dunsparce
42%
456 Water Finneon
42%
370 Water Luvdisc
42%
435 Poison/Dark Skuntank
42%
457 Water Lumineon
41%
No matching quizzes found
Score Distribution
Percent of People with Each Score
Percentile by Number Answered
Your Score History
You have not taken this quiz